000 00389 a2200145 4500
001 72724
020 _a8449427622
040 _cAnchieta - Colégio São Paulo
100 _aAfonso, Luiz Ernesto Magalhães
240 1 0 _aDicionário universal de biografias
_lpor
245 1 0 _aDicionário universal de biografias
300 _a1070
650 4 _aObras enciclopédicas gerais
942 _cBK
999 _c72724
_d72724